000 00426pab a2200157 454500
008 180718b2015 xxu||||| |||| 00| 0 eng d
100 _aHarish Kumar
245 _aDo the academic staff college justify their existence (a curative stand point)
260 _c2015
300 _ap.3-8,12.
362 _a23 Feb
650 _aEducational personnel
700 _aChauhan, R.K.
773 _aUniversity News
909 _a107085
999 _c107080
_d107080